00492 a2200169 450000100060000002000180000604000240002410000220004824000410007024500360011130000070014736200090015465000310016394200070019495201040020199900170030547028 a9788561167578 cAnchieta - Aquarius aAuad, Pedro Kalil10aO menino que queria virar ventolpor10aO menino que queria virar vento a640 a2012 4aLiteratura infanto-juvenil cBK 00104070a87.1b87.1d2023-11-21l0o028.5 AUA MENp5273/AQUr2023-11-21 15:13:45w2023-11-21yBK c47028d47028